| 000 | 01052nam a22003377a 4500 | ||
|---|---|---|---|
| 001 | 0002367 | ||
| 003 | KOHA_MİRAKIL | ||
| 005 | 20260207001312.0 | ||
| 007 | ta | ||
| 008 | 110516b2001 tu a|||gr||||#||||0|tur | | ||
| 020 | _a9757313998 | ||
| 040 |
_aTR-BiSEU _btur _cTR-BiSEU _erda |
||
| 041 | 0 | _atur | |
| 044 | _ctu | ||
| 050 |
_aHG4529 _b.K37 2001 |
||
| 100 | 1 | _aKaran, Mehmet Baha. | |
| 245 | 1 |
_aYatırım analizi ve portföy yönetimi/ _cMehmet Baha Karan ; Mehmet Baha Karan. |
|
| 264 | 1 |
_aAnkara : _bGazi Kitabevi _c2001 |
|
| 300 | _aXI, 715 sayfa: resimli | ||
| 336 |
_ametin _btxt _2rdacontent |
||
| 337 |
_aaracısız _bn _2rdamedia |
||
| 338 |
_acilt _bnc _2rdacarrier |
||
| 490 | 1 |
_aHacettepe Üniversitesi Finansal Araştırmalar Merkezi Yayınları ; _vno. |
|
| 490 | 1 | _a1. | |
| 500 | _aKaynakça var. | ||
| 650 | 0 |
_aYatırım analizi. _94028 |
|
| 650 | 0 |
_aPortföy yönetimi. _96082 |
|
| 830 | 1 |
_aHacettepe Üniversitesi Finansal Araştırmalar Merkezi Yayınları ; _vno. _96896 |
|
| 830 | 1 |
_a1. _92570 |
|
| 942 |
_2lcc _cBK |
||
| 999 |
_c2354 _d2354 |
||